Over the rainbow city : towards a new LGBT citizenship in Italy /

Gespeichert in:
Bibliographische Detailangaben
1. Verfasser: Corbisiero, Fabio
Format: Buch
Sprache:Englisch
Veröffentlicht: Milano ... [et al.] : McGraw-Hill Education, 2015
Tags: Tag hinzufügen
Keine Tags, Fügen Sie das erste Tag hinzu!

MARC

LEADER 00000nam a22000007i 4500
001 IT\ICCU\MIL\0884879
003 ItRI
005 20260115232101.0
008 150526s2015 it |||||| ||||| |||||c
020 |a 9788838674839 
040 |b ita  |c importazione bologna sebina 
041 7 |a eng  |2 ISO-639-2 
100 1 |a Corbisiero, Fabio  |0 IT\ICCU\RMSV\611400 
245 1 0 |a Over the rainbow city :  |b towards a new LGBT citizenship in Italy /  |c Fabio Corbisiero. 
260 |a Milano ... [et al.] :  |b McGraw-Hill Education,  |c 2015 
300 |a 211 p. ;  |c 24 cm. 
942 |2 ddc  |c BK  |n 0 
952 |0 0  |1 0  |4 0  |6 DOC_306_766000000000000_COR  |7 0  |9 19727  |a BO  |b BO  |d 2026-01-15  |i 18252  |l 0  |o DOC 306.766 COR  |p BO18252  |r 2026-01-15 23:21:01  |w 2026-01-15  |x [Sebina 5] [1 v.]  |y BK  |z 1 v. 
999 |c 16823  |d 16823